LRCW 6: Late Roman Coarse Wares, Cooking Wares and Amphorae in the Mediterranean: Archaeology and Archaeometry

محفوظ في:

المؤلف الرئيسي: Valentina Caminneci

التنسيق: كتاب

اللغة: Undetermined

الوصول للمادة أونلاين: Login to view Source

الوسوم: إضافة وسم

لا توجد وسوم, كن أول من يضع وسما على هذه التسجيلة!

رقم الطلب:

LEADER 00520nmm a2200133Ia 4500
008 240716s9999||||xx |||||||||||||||||und||
020 |a 9781803271484 
020 |a 9781803271491 
100 |a Valentina Caminneci 
245 1 0 |a LRCW 6: Late Roman Coarse Wares, Cooking Wares and Amphorae in the Mediterranean: Archaeology and Archaeometry  |c Valentina Caminneci 
264 |b Archaeopress Archaeology  |c 7-سبتمبر-23 
856 4 0 |u http://library.arce.org:8087/Archaeopress/Products/9781803271484 
942 |2 lcc  |c EBOOK 
999 |c 59019  |d 59019